Le bastion des larmes (Record no. 5063)

MARC details
000 -CABECERA
campo de control de longitud fija 02854nam a22002057a 4500
008 - DATOS DE LONGITUD FIJA--INFORMACIÓN GENERAL
campo de control de longitud fija 251020b |||||||| |||| 00| 0 eng d
020 ## - NÚMERO INTERNACIONAL ESTÁNDAR DEL LIBRO
Número Internacional Estándar del Libro 9782260056515
040 ## - FUENTE DE LA CATALOGACIÓN
Centro/agencia transcriptor TBS
041 ## - CÓDIGO DE LENGUA
Código de lengua del texto/banda sonora o título independiente fre
050 ## - SIGNATURA TOPOGRÁFICA DE LA BIBLIOTECA DEL CONGRESO
Número de clasificación PQ3989.2.T235
Número de documento/Ítem B37 2024
100 ## - ENTRADA PRINCIPAL--NOMBRE DE PERSONA
Nombre de persona Taïa, Abdellah
Fechas asociadas al nombre 1973-
9 (RLIN) 26205
Término indicativo de función/relación author
245 ## - MENCIÓN DE TÍTULO
Título Le bastion des larmes
Mención de responsabilidad, etc. / Abdellah Taïa.
260 ## - PUBLICACIÓN, DISTRIBUCIÓN, ETC.
Lugar de publicación, distribución, etc. Paris :
Nombre del editor, distribuidor, etc. Julliard,
Fecha de publicación, distribución, etc. 2024.
300 ## - DESCRIPCIÓN FÍSICA
Extensión 212 pages ;
Dimensiones 21 cm.
520 ## - SUMARIO, ETC.
Sumario, etc. À la mort de sa mère, Youssef, un professeur marocain exilé en France depuis un quart de siècle, revient à Salé, sa ville natale, à la demande de ses sœurs, pour liquider l'héritage familial. En lui, c'est tout un passé qui ressurgit, où se mêlent inextricablement souffrances et bonheur de vivre.<br/>À travers lui, les voix du passé résonnent et l'interpellent, dont celle de Najib, son ami et amant de jeunesse au destin tragique, happé par le trafic de drogue et la corruption d'un colonel de l'armée du roi Hassan II. À mesure que Youssef s'enfonce dans les ruelles de la ville actuelle, un monde perdu reprend forme, guetté par la misère et la violence, où la différence, sexuelle, sociale, se paie au prix fort. Frontière ultime de ce roman splendide, le Bastion des Larmes, nom donné aux remparts de la vieille ville, à l'ombre desquels Youssef a jadis fait une promesse à Najib. " Notre passé... notre grande fiction ", médite Youssef, tandis qu'il s'apprête à entrer pleinement dans son héritage, celui d'une enfance terrible, d'un amour absolu, aussi, pour ses sœurs magnifiques et sa mère disparue.
520 ## - SUMARIO, ETC.
Sumario, etc. After his mother’s death, Youssef, a Moroccan professor who has lived in exile in France for twenty-five years, returns to Salé, his hometown, at his sisters’ request to settle the family estate. Within him, an entire past resurfaces—one where suffering and the joy of living are inseparably intertwined.<br/><br/>Through him, the voices of the past echo and call out, including that of Najib, his childhood friend and former lover whose tragic fate was sealed by drug trafficking and the corruption of a colonel under King Hassan II. As Youssef wanders deeper into the narrow streets of the present-day city, a lost world takes shape once more—one haunted by poverty and violence, where difference, whether sexual or social, comes at a heavy price.<br/><br/>The ultimate boundary of this magnificent novel is the Bastion of Tears, the name given to the old city walls, under whose shadow Youssef once made a promise to Najib. “Our past… our great fiction,” Youssef reflects, as he prepares to fully embrace his inheritance—that of a painful childhood, an all-consuming love, and the memory of his radiant sisters and departed mother.
650 #0 - PUNTO DE ACCESO ADICIONAL DE MATERIA--TÉRMINO DE MATERIA
Término de materia o nombre geográfico como elemento de entrada Families
Subdivisión geográfica Morocco
-- Salé
Subdivisión de forma Fiction
9 (RLIN) 26206
650 #0 - PUNTO DE ACCESO ADICIONAL DE MATERIA--TÉRMINO DE MATERIA
Término de materia o nombre geográfico como elemento de entrada Children
Subdivisión geográfica Morocco
-- Salé
Subdivisión de forma Fiction
9 (RLIN) 26207
942 ## - ELEMENTOS DE ENTRADA AGREGADA (KOHA)
Fuente del sistema de clasificación o colocación Clasificación de Library of Congress
Holdings
Estado de retiro Estado de pérdida Fuente del sistema de clasificación o colocación Estado dañado No para préstamo Biblioteca de origen Biblioteca actual Fecha de adquisición Total de préstamos Signatura topográfica completa Código de barras Fecha visto por última vez Número de copia Precio válido a partir de Tipo de ítem Koha
    Clasificación de Library of Congress     TBS Barcelona TBS Barcelona 20/10/2025   P-FR TAI B07715 20/10/2025 1 20/10/2025 Book

Powered by Koha